| 000 | 00348nam a2200145Ia 4500 | ||
|---|---|---|---|
| 008 | 150201s2003 xx 000 0 und d | ||
| 082 |
_a615.1 _bD2003R |
||
| 100 | _aPASSI PUB. | ||
| 245 | _aDRUG INDEX | ||
| 250 | _a1ST | ||
| 260 |
_bPASSI PUBLICATION _aMUKHERJEE NAGAR DELHI _c2003 |
||
| 300 | _a1-650 | ||
| 650 | _aDICTIONARIES | ||
| 942 |
_2ddc _cBK |
||
| 999 |
_c2725 _d2725 |
||